00633nam a22001937a 450000500170000001000130001702000210003003500130005103700160006404000120008008200130009224500960010526000440020127000470024530000250029265000480031765000540036570000200041920170124110154.0 aB-079991 c00.00a817708058 aB-079991 bCen Lib/Ret aDPLbEN a958bCEN aCentral Asia :cedited by Nirmala Joshi bthe great game replayed : an Indian perspective / aDelhi bNew Century Publications c2003 bDelhi a34, Gujrawala Town, Part 2e110009 axiv, 294p.c21cm(Hb) aAsia, Central -- Foreign relations -- 1991- aAsia, Central -- Politics and government -- 1991- aJoshi, Nirmala